000 01211nam a2200313 a 4500
001 000038080
003 DO-SdBNP
005 20230117124404.0
007 ta
008 130313s2008 dr 000 0 spa d
020 _a9789945865127
040 _aDO-SdBNP
_bspa
_cBNPHU
082 _a323.44
_bC346L
_222
100 1 _aCastaños Guzmán, Servio Tulio
_99389
245 1 0 _aLey de acceso a la infomación :
_bbalance y análisis.
260 _aSanto Domingo :
_bFLASCO:
_bCONARE,
_c2008.
300 _a44 p. ;
_c22 cm.
490 1 _aReforma y modernización del sistema político dominicano ;
500 _aDocumento presentado en el 4er. Desayuno-Panel Facultad Latinoamericana de Ciencias Sociales
500 _aIncluye notas al pie de las páginas
590 _aInventariado, 2018/BT
650 4 _aLibertad de información
_937564
650 4 _aInformación pública (derecho)
_964474
710 2 _aFacultad Latinoamericcana de Ciencias Sociales
_964473
710 1 _aRepública Dominicana.
_bConsejo Nacional de Administración del Estado
_956231
830 0 _aReforma y modernización del sistema político dominicano ;
_931304
910 _aValidado. Control de calidad. MFF
942 _2ddc
_cLF2
999 _c37570
_d37570